00317nam a22001217a 450000500170000000800410001704100120005808200120007010000120008226000470009430000290014165000250017020240731120633.0240731b |||||||| |||| 00| 0 eng d aEnglish a349 SOU lEnglish aCape Town: bJuta and Company Ltd, c1932  bxv, 474 pages; c25 cm.  aLegal practice bLaw